Metafísica de Aristóteles (Record no. 25745)

MARC details
000 -LEADER
campo de control de longitud fija 00943nam a2200277 i 4500
001 - NÚMERO DE CONTROL
campo de control 25745
003 - IDENTIFICADOR DE NÚMERO DE CONTROL
campo de control ES-MaACL
005 - FECHA Y HORA DE LA ÚLTIMA TRANSACCIÓN
campo de control 20250819173450.0
007 - CAMPO FIJO DE DESCRIPCIÓN FÍSICA--INFORMACIÓN GENERAL
campo de control de longitud fija t|
008 - DATOS DE LONGITUD FIJA--INFORMACIÓN GENERAL
campo de control de longitud fija 030102s1982 sp ||||1| spa d
020 ## - NÚMERO INTERNACIONAL ESTÁNDAR DEL LIBRO
Número Internacional Estándar del Libro 84-249-2175-5
100 0# - ENTRADA PRINCIPAL--NOMBRE DE PERSONA
Nombre de persona Aristóteles
9 (RLIN) 22861
245 10 - MENCIÓN DEL TÍTULO
Título Metafísica de Aristóteles
Resto del título : = Aristotelis Metaphysica /
Mención de responsabilidad, etc. Aristóteles ; edición trilingüe por Valentín García Yebra.
250 ## - MENCION DE EDICION
Mención de edición 2ª ed. rev.
260 ## - PUBLICACIÓN, DISTRIBUCIÓN, ETC.
Lugar de publicación, distribución, etc. Madrid :
Nombre del editor, distribuidor, etc. Gredos,
Fecha de publicación, distribución, etc. 1982.
300 ## - DESCRIPCIÓN FÍSICA
Extensión LIII, 830 p. ;
Dimensiones 24 cm.
490 1# - MENCIÓN DE SERIE
Mención de serie Biblioteca hispánica de filosofía ;
Designación de volumen o secuencia 65
500 ## - NOTA GENERAL
Nota general Edición trilingüe griego-latín-castellano.
500 ## - NOTA GENERAL
Nota general Glosario.
504 ## - NOTA DE BIBLIOGRAFÍA, ETC.
Nota de bibliografía, etc. Bibliografía.
700 1# - ENTRADA AGREGADA--NOMBRE PERSONAL
Nombre de persona García Yebra, Valentín,
Fechas asociadas al nombre 1917-2010
9 (RLIN) 55453
740 0# - ENTRADA AGREGADA--TÍTULO RELACIONADO/ANALÍTICO NO CONTROLADO
Título relacionado o analítico no controlado Aristotelis Metaphysica.
830 0# - PUNTO DE ACCESO ADICIONAL DE SERIE-TÍTULO UNIFORME
Título uniforme Biblioteca hispánica de filosofía ;
Designación de volumen o secuencia 65
9 (RLIN) 181000
852 ## - LOCALIZACIÓN
Ubicación ES-MaACL
Número de control de estantería L-8510
Sublocalización o colección R.109174
Holdings
Estatus retirado Estado de pérdida Estado de daño No para préstamo Biblioteca de origen Biblioteca actual Ubicación en estantería Fecha de adquisición Fuente de adquisición Total de préstamos Signatura topográfica completa Código de barras Visto por última vez Precio de reemplazo Tipo de ítem Koha
        Biblioteca del Ateneo de Madrid Biblioteca del Ateneo de Madrid Depósito 2 17/01/2008     L-8510 1026555 23/02/2023 23/02/2023 Libro impreso